LEADER 00993nam0-22003371i-450- 001 990002523250403321 035 $a000252325 035 $aFED01000252325 035 $a(Aleph)000252325FED01 035 $a000252325 100 $a20000920d1990----km-y0itay50------ba 101 0 $aENG 200 1 $aEsercizi di Statistica$fGiovanni Girone$gGiulio Sallustio. 205 $aI ristampa anastatica dell'edizione 1986 - 210 $aBari$cCacucci$d1990 . 215 $a408 p.$d24 cm 300 $a1. Ristampa anastatica dell'edizione 1986 610 0 $aStatistica descrittiva, Statistica descrittiva$aesercizi 676 $a310 700 1$aGirone,$bGiovanni$034768 702 1$aSallustio,$bGiulia 801 0$aIT$bUNINA$gRICA$2UNIMARC 901 $aBK 912 $a990002523250403321 952 $aIII-D-14$b1644$fMAS 952 $aIII-D-16$b2181$fMAS 952 $aIII-D-17$b160$fMAS 959 $aMAS 996 $aEsercizi di statistica$9176668 997 $aUNINA DB $aING01 LEADER 01039nam0-22003491i-450- 001 990003753220403321 005 20091014123116.0 010 $a0-333-30972-3 035 $a000375322 035 $aFED01000375322 035 $a(Aleph)000375322FED01 035 $a000375322 100 $a20030910d1981----km-y0itay50------ba 101 0 $aita 105 $ay-------001yy 200 1 $a<>Contemporary Critique of Historical Materialism$e1. Power, property and the state$fAnthnony Giddens 210 $aLondon$cMacMillan$d1981 215 $aix, 294 p.$d21 cm 225 1 $aContemporary social theory 610 0 $aMATERIALISMO STORICO$aStudi 610 0 $aMARXISMO$aStudi 676 $a335.4119 700 1$aGiddens,$bAnthony$f<1938- >$0119687 801 0$aIT$bUNINA$gRICA$2UNIMARC 901 $aBK 912 $a990003753220403321 952 $a335.4119 GID 1$b2190$fBFS 952 $aXV D 339$b2010$fDTE 959 $aBFS 959 $aDTE 996 $aContemporary critique of historical materialism$9244400 997 $aUNINA LEADER 01336nam a2200301|i 4500 001 991003794469707536 005 20021223130736.0 008 020417s1999 it u u itauu 020 $a8813223382 035 $ab11865088-39ule_inst 035 $aLE02988590$9ExL 040 $aISUFI - Sett. Diritti e Politiche Euromediterranee$bita 082 0 $a342 100 1 $aPalermo, Francesco$0177105 245 13$aIl potere estero delle regioni :$bricostruzione in chiave comparata di un potere interno alla Costituzione italiana /$cFrancesco Palermo 260 0 $aPadova :$bCEDAM,$cc1999 300 $axiii, 299 p. ;$c25 cm 490 0 $aIus publicum Europaeum ;$v2 500 $aIn testa al front.: Europäische Akademie, Bozen = Accademia europea, Bolzano = Academia europeica, Bulsan 650 4$aRegione$xCooperazione internazionale$xAspetti giuridici 650 4$aRegione e stato 907 $a.b11865088$b28-04-17$c23-12-02 912 $a991003794469707536 945 $aLE029 342 PAL04.01$g1$iLE029-3745$lle029$o-$pE0.00$q-$rn$so $t0$u0$v0$w0$x0$y.i12117687$z23-12-02 945 $aLE027 342.00 PAL01.01$g1$i2027000046546$lle027$o-$pE20.66$q-$rl$s- $t0$u7$v5$w7$x0$y.i13026744$z17-11-03 996 $aPotere estero delle regioni$9689931 997 $aUNISALENTO 998 $ale029$ale027$b01-01-02$cm$da $e-$fita$git $h3$i1